[Event "Hastings Chess Congress"]
[Site "Hastings ENG"]
[Date "2008.12.28"]
[EventDate "2008.12.28"]
[Round "1"]
[Result "1-0"]
[White "Emanuel Berg"]
[Black "Robert Eames"]
[WhiteElo "2623"]
[BlackElo "2329"]
[PlyCount "105"]

1. e4 c5 2. Nf3 Nc6 3. d4 cxd4 4. Nxd4 Nf6 5. Nc3 e5 6. Ndb5
d6 7. Bg5 a6 8. Na3 b5 9. Nd5 Be7 10. Bxf6 Bxf6 11. c4 b4
12. Nc2 a5 13. Be2 O-O 14. Bg4 Be6 15. Qf3 Bg5 16. Rd1 a4
17. Ndxb4 Nxb4 18. Nxb4 a3 19. bxa3 Bxc4 20. Qc3 Bb5 21. Be2
Bxe2 22. Kxe2 Qd7 23. h4 Bh6 24. f3 Rfc8 25. Qb3 Qb5+ 26. Rd3
Rc4 27. Rhd1 Rac8 28. Kf2 Qb6+ 29. Kf1 Rc1 30. Nd5 Qd8
31. Rxc1 Rxc1+ 32. Rd1 Rc8 33. g3 g5 34. h5 g4 35. fxg4 Bg5
36. Kg2 Rc5 37. Rf1 Qa8 38. Kh3 Qa7 39. a4 Kg7 40. Qf3 Rc2
41. Qf5 h6 42. Nf6 Bxf6 43. Qxf6+ Kg8 44. g5 Qd7+ 45. Rf5 Qe6
46. Qxe6 fxe6 47. Rf6 hxg5 48. Rxe6 Rxa2 49. Kg4 Rxa4 50. Kf5
Ra3 51. g4 Rf3+ 52. Kg6 d5 53. exd5 1-0

[Event "Hastings Chess Congress"]
[Site "Hastings ENG"]
[Date "2008.12.28"]
[EventDate "2008.12.28"]
[Round "1"]
[Result "0-1"]
[White "Vladimir Prosviriakov"]
[Black "Igor Kurnosov"]
[WhiteElo "2327"]
[BlackElo "2606"]
[PlyCount "79"]

1. e4 c5 2. Nf3 e6 3. d3 Nc6 4. g3 g6 5. Bg2 Bg7 6. O-O Nge7
7. Nbd2 O-O 8. Re1 d6 9. Nf1 b5 10. c3 b4 11. d4 bxc3 12. bxc3
Qa5 13. e5 Nd5 14. c4 Nc3 15. Qd2 Rb8 16. Qg5 cxd4 17. exd6 d3
18. Bd2 Ne2+ 19. Kh1 Qxg5 20. Nxg5 Bxa1 21. Rxa1 Ne5 22. Ne4
f5 23. Nc5 Rb6 24. Bf4 Ng4 25. Nxd3 Nxf4 26. Nxf4 Rxd6 27. Kg1
Rfd8 28. h3 Ne5 29. Ne3 Rd2 30. c5 g5 31. Nh5 Kf7 32. a4 Kg6
33. g4 f4 34. Be4+ Kh6 35. Nf1 Rd1 36. Rxd1 Rxd1 37. h4 Ba6
38. Bg2 Bxf1 39. hxg5+ Kxg5 40. Bxf1 0-1

[Event "Hastings Chess Congress"]
[Site "Hastings ENG"]
[Date "2008.12.28"]
[EventDate "2008.12.28"]
[Round "1"]
[Result "0-1"]
[White "Petr Marusenko"]
[Black "Valery Neverov"]
[WhiteElo "2320"]
[BlackElo "2571"]
[PlyCount "80"]

1. d4 Nf6 2. c4 g6 3. Nc3 d5 4. cxd5 Nxd5 5. Nf3 Bg7 6. e3 O-O
7. Bc4 Nxc3 8. bxc3 c5 9. O-O Qc7 10. Qe2 Nd7 11. e4 b6
12. Bg5 e6 13. Rac1 Bb7 14. Qe3 Nf6 15. e5 Nd5 16. Qd2 Rac8
17. Rfd1 Qd7 18. h4 b5 19. Be2 cxd4 20. cxd4 b4 21. Rxc8 Rxc8
22. Rb1 a5 23. Rb2 Nc3 24. Qf4 a4 25. Bf1 b3 26. a3 Bxf3
27. gxf3 Nd5 28. Qg4 h6 29. Be3 h5 30. Qg3 Bf8 31. Bd3 Bxa3
32. Rb1 Nxe3 33. fxe3 Rc1+ 34. Rxc1 Bxc1 35. Kf2 Qe8 36. Bc4
Qc6 37. Bd3 Qc3 38. Bxg6 Bxe3+ 39. Kg2 Qd2+ 40. Kh3 Qf2 0-1

[Event "Hastings Chess Congress"]
[Site "Hastings ENG"]
[Date "2008.12.28"]
[EventDate "2008.12.28"]
[Round "1"]
[Result "0-1"]
[White "Didier Leroy"]
[Black "Stuart C Conquest"]
[WhiteElo "2286"]
[BlackElo "2526"]
[PlyCount "96"]

1. d4 Nf6 2. c4 g6 3. f3 c5 4. d5 d6 5. e4 Bg7 6. Ne2 Nbd7
7. Nec3 a6 8. a4 Qa5 9. Na3 h5 10. Be2 h4 11. O-O Nh5 12. Nc2
f5 13. exf5 gxf5 14. f4 Ndf6 15. Ra3 Bd7 16. Bd2 Qc7 17. Be1
h3 18. gxh3 Kf7 19. Bh4 Rag8 20. Bg5 Rh7 21. Kf2 Bh8 22. Ke1
Ng7 23. h4 Qa5 24. Qd2 Nfe8 25. h5 Nxh5 26. Bxh5+ Rxh5 27. Qe2
Rh7 28. Kd1 Nf6 29. Ne1 Kf8 30. Nf3 Qb6 31. Qc2 Rh3 32. Rb3
Qc7 33. Bxf6 Bxf6 34. Ng5 Bxg5 35. fxg5 Rh4 36. Rxf5+ Bxf5
37. Qxf5+ Kg7 38. Ne2 Rf8 39. Qe6 Rf1+ 40. Kd2 Rxh2 41. Re3
Qa5+ 42. Kd3 Qxa4 43. Qxe7+ Rf7 44. Qxd6 Qb3+ 45. Kd2 Qxb2+
46. Kd3 Qb3+ 47. Kd2 Rxe2+ 48. Rxe2 Qb2+ 0-1

[Event "Hastings Chess Congress"]
[Site "Hastings ENG"]
[Date "2008.12.28"]
[EventDate "2008.12.28"]
[Round "1"]
[Result "1-0"]
[White "Milos Pavlovic"]
[Black "Gudmundur Kjartansson"]
[WhiteElo "2524"]
[BlackElo "2284"]
[PlyCount "93"]

1. d4 Nf6 2. c4 e6 3. Nf3 d5 4. e3 c5 5. cxd5 Nxd5 6. e4 Nf6
7. Nc3 cxd4 8. Qxd4 Qa5 9. Qe5 Bb4 10. Qxa5 Bxa5 11. Bd2 O-O
12. Bd3 Rd8 13. Ke2 Nc6 14. Rhd1 Bd7 15. Rac1 Rac8 16. h3 Be8
17. Be3 a6 18. a3 b5 19. Nb1 Nd7 20. Nbd2 Bb6 21. Nb3 Kf8
22. Bxb6 Nxb6 23. Nc5 Nb8 24. b4 Ke7 25. Ke3 Bc6 26. Nd4 e5
27. Nf5+ Kf8 28. g4 g6 29. Nh6 N6d7 30. Nb3 f6 31. h4 Ke7
32. g5 Rc7 33. Ng4 h5 34. gxh6 Ke6 35. Bb1 Rh8 36. f4 exf4+
37. Kxf4 Ne5 38. Nc5+ Ke7 39. Nxe5 fxe5+ 40. Kg5 Be8 41. Ba2
Nc6 42. Ne6 Ra7 43. Bd5 Bd7 44. Bxc6 Bxe6 45. Bd5 Bd7 46. Bb3
a5 47. bxa5 1-0

[Event "Hastings Chess Congress"]
[Site "Hastings ENG"]
[Date "2008.12.28"]
[EventDate "2008.12.28"]
[Round "1"]
[Result "1-0"]
[White "Mark Hebden"]
[Black "Alexandra Wilson"]
[WhiteElo "2515"]
[BlackElo "2026"]
[PlyCount "35"]

1. d4 Nf6 2. Nf3 g6 3. c4 d5 4. cxd5 Nxd5 5. e4 Nb6 6. h3 Bg7
7. Nc3 O-O 8. Be3 N8d7 9. a4 a5 10. e5 c6 11. h4 Re8 12. h5
Nf8 13. Ng5 Nd5 14. Bc4 Be6 15. hxg6 fxg6 16. Qf3 Qd7 17. Nxe6
Nxe6 18. Nxd5 1-0

[Event "Hastings Chess Congress"]
[Site "Hastings ENG"]
[Date "2008.12.28"]
[EventDate "2008.12.28"]
[Round "1"]
[Result "1/2-1/2"]
[White "Konstantinos Nikolaidis"]
[Black "Daniel Gormally"]
[WhiteElo "2264"]
[BlackElo "2514"]
[PlyCount "75"]

1. d4 Nf6 2. c4 g6 3. Nc3 d5 4. Nf3 Bg7 5. Bg5 Ne4 6. Bh4 Nxc3
7. bxc3 dxc4 8. Qa4+ Qd7 9. Qxc4 b6 10. e3 Ba6 11. Qb3 Bxf1
12. Kxf1 Nc6 13. Ke2 O-O 14. Rhd1 Na5 15. Qb4 e6 16. Rac1 Rfc8
17. c4 c5 18. dxc5 Qc6 19. cxb6 axb6 20. Rd6 Qe4 21. Rxb6 Nxc4
22. Qb1 Qd5 23. Rb3 h6 24. h3 Nb2 25. Rxc8+ Rxc8 26. Kf1 Rc4
27. Rb8+ Kh7 28. Rxb2 Bxb2 29. Qxb2 Rxh4 30. Qf6 Qc4+ 31. Kg1
Qc1+ 32. Ne1 Qxe1+ 33. Kh2 Qb4 34. Qxf7+ Kh8 35. Qf6+ Kh7
36. Qf7+ Kh8 37. Qf6+ Kh7 38. Qf7+ 1/2-1/2

[Event "Hastings Chess Congress"]
[Site "Hastings ENG"]
[Date "2008.12.28"]
[EventDate "2008.12.28"]
[Round "1"]
[Result "1-0"]
[White "Simon Kim Williams"]
[Black "Odion Aikhoje"]
[WhiteElo "2494"]
[BlackElo "2260"]
[PlyCount "77"]

1. d4 Nf6 2. c4 c5 3. d5 b5 4. Nf3 e6 5. Bg5 exd5 6. cxd5 d6
7. e3 a6 8. a4 b4 9. Nbd2 Be7 10. Nc4 a5 11. Bxf6 Bxf6 12. Qc2
O-O 13. h4 Na6 14. Ng5 g6 15. Ne4 Be7 16. b3 Bf5 17. h5 Nc7
18. O-O-O Re8 19. Bd3 Bf8 20. hxg6 fxg6 21. g4 Bxe4 22. Bxe4
Qf6 23. g5 Qa1+ 24. Kd2 Qc3+ 25. Ke2 Qxc2+ 26. Bxc2 Be7 27. f4
Ra6 28. Rh3 Kg7 29. e4 Na8 30. Bd3 Ra7 31. Rdh1 Rh8 32. e5 Rd7
33. e6 Rdd8 34. Nxa5 Nb6 35. Be4 Rdf8 36. Ke3 Ra8 37. Nc6 Nc8
38. Bd3 Bf8 39. f5 1-0

[Event "Hastings Chess Congress"]
[Site "Hastings ENG"]
[Date "2008.12.28"]
[EventDate "2008.12.28"]
[Round "1"]
[Result "1-0"]
[White "Willy Hendriks"]
[Black "David Ledger"]
[WhiteElo "2447"]
[BlackElo "2254"]
[PlyCount "39"]

1. e4 e5 2. Bc4 Nf6 3. d3 Bc5 4. Nf3 Nc6 5. c3 a6 6. O-O d6
7. Bb3 Ba7 8. Be3 O-O 9. Nbd2 Ne7 10. Nh4 Ng6 11. Nxg6 hxg6
12. Bxa7 Rxa7 13. f4 c6 14. Qf3 Qb6+ 15. Kh1 Bg4 16. Qg3 Be2
17. fxe5 Bxf1 18. exf6 Be2 19. Qxg6 Qxb3 20. Qxg7# 1-0

[Event "Hastings Chess Congress"]
[Site "Hastings ENG"]
[Date "2008.12.28"]
[EventDate "2008.12.28"]
[Round "1"]
[Result "1-0"]
[White "Christopher Briscoe"]
[Black "Andrew Greet"]
[WhiteElo "2253"]
[BlackElo "2440"]
[PlyCount "67"]

1. e4 e5 2. Nf3 Nc6 3. Bb5 a6 4. Ba4 Nf6 5. O-O Be7 6. Qe2 b5
7. Bb3 O-O 8. c3 d6 9. Rd1 Na5 10. Bc2 c5 11. d4 Qc7 12. d5
Bd7 13. b3 Nb7 14. Nbd2 Nh5 15. g3 g6 16. Nf1 Nd8 17. Bh6 Ng7
18. a4 Rb8 19. axb5 axb5 20. Ra6 f6 21. Rda1 Nf7 22. Be3 f5
23. Bd3 fxe4 24. Bxe4 Nh5 25. N1d2 Nf6 26. Ng5 Nxe4 27. Ndxe4
Nxg5 28. Bxg5 Bxg5 29. Nxg5 Rb6 30. Ra7 Qc8 31. Qe4 Rf5
32. Qh4 h5 33. Ne4 Kf7 34. Ra8 1-0

[Event "Hastings Chess Congress"]
[Site "Hastings ENG"]
[Date "2008.12.28"]
[EventDate "2008.12.28"]
[Round "1"]
[Result "1-0"]
[White "Alexander Cherniaev"]
[Black "Gavin R Lock"]
[WhiteElo "2438"]
[BlackElo "2252"]
[PlyCount "59"]

1. e4 e6 2. Nf3 d5 3. e5 c5 4. c3 Nc6 5. Na3 Bd7 6. g3 Nge7
7. Qe2 a6 8. Bg2 Nf5 9. O-O h5 10. h4 Be7 11. d3 b5 12. Nc2 g6
13. Bf4 Kf8 14. Ne3 Kg7 15. Ng5 Nxe3 16. fxe3 c4 17. d4 Nb8
18. Rf2 Be8 19. e4 dxe4 20. Raf1 Nd7 21. Bxe4 Ra7 22. Qe3 Nb6
23. Nh3 Nd5 24. Bxd5 Qxd5 25. Bg5 Bxg5 26. Qxg5 Bc6 27. Qf6+
Kg8 28. Kh2 Rh7 29. Nf4 Qd7 30. Nxg6 1-0

[Event "Hastings Chess Congress"]
[Site "Hastings ENG"]
[Date "2008.12.28"]
[EventDate "2008.12.28"]
[Round "1"]
[Result "0-1"]
[White "Michael J R White"]
[Black "Adam Hunt"]
[WhiteElo "2242"]
[BlackElo "2431"]
[PlyCount "54"]

1. e4 c5 2. Nf3 d6 3. d4 cxd4 4. Nxd4 Nf6 5. Nc3 a6 6. Qf3 g6
7. h3 Bg7 8. Be3 O-O 9. O-O-O Bd7 10. g4 Nc6 11. g5 Nh5
12. Kb1 Rc8 13. Be2 Ne5 14. Qg2 Nc4 15. Bxc4 Rxc4 16. Nde2 Qa5
17. Rd5 b5 18. Rd3 Rfc8 19. Rc1 Be6 20. Nd5 Bxd5 21. exd5 Ra4
22. a3 b4 23. Bd2 Bxb2 24. Kxb2 Rxa3 25. c3 Ra2+ 26. Kb1 Ra1+
27. Kc2 Qa4+ 0-1

[Event "Hastings Chess Congress"]
[Site "Hastings ENG"]
[Date "2008.12.28"]
[EventDate "2008.12.28"]
[Round "1"]
[Result "1/2-1/2"]
[White "Simon T Ansell"]
[Black "Peter S Poobalasingam"]
[WhiteElo "2410"]
[BlackElo "2235"]
[PlyCount "75"]

1. e4 c5 2. Nf3 d6 3. c3 Nf6 4. Be2 Nbd7 5. d3 g6 6. Nbd2 Bg7
7. d4 O-O 8. O-O b6 9. e5 Ne8 10. Nc4 dxe5 11. dxe5 b5 12. e6
fxe6 13. Ne3 Nc7 14. Ng5 h6 15. Ne4 Bb7 16. Qc2 c4 17. b3 Nd5
18. bxc4 Nf4 19. Bd1 b4 20. Rb1 Bxe4 21. Qxe4 bxc3 22. Ba3 Ne5
23. Rb5 Ned3 24. Bf3 Qd4 25. Qxd4 Bxd4 26. Nc2 e5 27. Bxe7 Rf7
28. g3 Re8 29. gxf4 Rfxe7 30. fxe5 Bxe5 31. Rd1 Nf4 32. Ne3
Kg7 33. c5 Rf8 34. c6 Nh3+ 35. Kg2 Nf4+ 36. Kf1 Nh3 37. Kg2
Nf4+ 38. Kf1 1/2-1/2

[Event "Hastings Chess Congress"]
[Site "Hastings ENG"]
[Date "2008.12.28"]
[EventDate "2008.12.28"]
[Round "1"]
[Result "0-1"]
[White "Matthew N Anderton"]
[Black "Jovanka Houska"]
[WhiteElo "2232"]
[BlackElo "2399"]
[PlyCount "62"]

1. e4 c6 2. d4 d5 3. exd5 cxd5 4. c4 Nf6 5. Nc3 Nc6 6. Nf3 Bg4
7. cxd5 Nxd5 8. Qb3 Bxf3 9. gxf3 e6 10. Qxb7 Nxd4 11. Bb5+
Nxb5 12. Qc6+ Ke7 13. Qxb5 Qd7 14. Nxd5+ Qxd5 15. Qxd5 exd5
16. Bf4 Ke6 17. O-O-O Bb4 18. a3 Rac8+ 19. Kb1 Ba5 20. Rhg1
Rhg8 21. Be3 Bb6 22. Rge1 Bxe3 23. Rxe3+ Kd6 24. Red3 Rc5
25. b4 Rb5 26. Ka2 Re8 27. a4 Rxb4 28. Rxd5+ Ke6 29. Ra5 Reb8
30. Rd2 R8b7 31. Rc2 f6 0-1

[Event "Hastings Chess Congress"]
[Site "Hastings ENG"]
[Date "2008.12.28"]
[EventDate "2008.12.28"]
[Round "1"]
[Result "1-0"]
[White "David J Eggleston"]
[Black "Ian Snape"]
[WhiteElo "2368"]
[BlackElo "2219"]
[PlyCount "83"]

1. e4 c5 2. Nf3 d6 3. d4 cxd4 4. Nxd4 Nf6 5. Nc3 g6 6. Be3 Bg7
7. f3 O-O 8. Qd2 Nc6 9. O-O-O d5 10. exd5 Nxd5 11. Nxc6 bxc6
12. Bd4 e5 13. Bc5 Be6 14. Ne4 Rb8 15. Bc4 f5 16. Ng5 e4
17. Bb3 Qf6 18. c3 Bh6 19. h4 Rfe8 20. fxe4 fxe4 21. Rde1 Bf7
22. Bxa7 Rxb3 23. axb3 Qe7 24. Qf2 Bxg5+ 25. hxg5 e3 26. Bxe3
Nxe3 27. Rh3 Qxg5 28. Rhxe3 Ra8 29. Kc2 Rf8 30. Rf3 Qh5 31. c4
g5 32. Kc3 Qg6 33. Qd4 g4 34. Rf4 h5 35. Rf6 Qg5 36. Qe5 Qxe5+
37. Rxe5 Kg7 38. Rxc6 Bg6 39. b4 Rf6 40. b5 g3 41. Rg5 h4
42. Rg4 1-0

[Event "Hastings Chess Congress"]
[Site "Hastings ENG"]
[Date "2008.12.28"]
[EventDate "2008.12.28"]
[Round "1"]
[Result "0-1"]
[White "David Spence"]
[Black "Luc Bergez"]
[WhiteElo "2214"]
[BlackElo "2356"]
[PlyCount "88"]

1. e4 d5 2. exd5 Nf6 3. Nf3 Nxd5 4. d4 Bf5 5. Bd3 Bg6 6. Ne5
Nd7 7. Nxg6 hxg6 8. c4 Nb4 9. Be2 e5 10. d5 Bc5 11. a3 Qh4
12. g3 Qd4 13. axb4 Qxf2+ 14. Kd2 Bxb4+ 15. Nc3 Rxh2 16. Rxh2
Qxh2 17. Qb3 a5 18. Qd1 Qxg3 19. Kc2 Nc5 20. Qh1 O-O-O 21. Bd2
Bxc3 22. Bxc3 Qf2 23. Qf1 Qh2 24. Rxa5 Na6 25. b4 Rd6 26. Kb3
Rf6 27. Bg4+ Kd8 28. Qe1 Qf4 29. Qh4 Ke7 30. d6+ cxd6 31. Qh1
e4 32. Bxf6+ gxf6 33. Qd1 Qg3+ 34. Ka4 Qc3 35. Rb5 Qxc4
36. Rxb7+ Nc7 37. Rxc7+ Qxc7 38. Qd5 f5 39. Bd1 Qa7+ 40. Kb5
e3 41. Bb3 Qd7+ 42. Ka6 e2 43. Qxf7+ Kd8 44. Qf6+ Kc7 0-1

[Event "Hastings Chess Congress"]
[Site "Hastings ENG"]
[Date "2008.12.28"]
[EventDate "2008.12.28"]
[Round "1"]
[Result "0-1"]
[White "Nikoloz Chkhaidze"]
[Black "Jack Rudd"]
[WhiteElo "2203"]
[BlackElo "2344"]
[PlyCount "98"]

1. e4 e5 2. Nf3 Nc6 3. Bb5 a6 4. Ba4 Nf6 5. O-O Be7 6. Re1 b5
7. Bb3 d6 8. c3 O-O 9. h3 Na5 10. Bc2 c5 11. d4 Qc7 12. Nbd2
Bd7 13. Nf1 Rac8 14. d5 c4 15. Ng3 Nb7 16. Bg5 Nc5 17. Qd2 Kh8
18. Nh4 Ng8 19. Nhf5 Bxg5 20. Qxg5 g6 21. Ne3 a5 22. b4 f6
23. Qh4 Nd3 24. Bxd3 cxd3 25. Nd1 axb4 26. cxb4 d2 27. Rf1 Qc1
28. Ne3 Qxa1 29. Rxa1 Rc1+ 30. Ngf1 Rxa1 31. f3 Rc8 32. Qf2
Rc2 33. Nxc2 d1=Q 34. Nxa1 Qxa1 35. Qa7 Qd4+ 36. Qxd4 exd4
37. Kf2 f5 38. Ke2 fxe4 39. fxe4 Nf6 40. Ng3 Nh5 41. Nxh5 gxh5
42. Kd3 Kg7 43. Kxd4 Kf6 44. h4 Be8 45. g3 Bd7 46. a3 Be8
47. e5+ dxe5+ 48. Kc5 Ke7 49. d6+ Ke6 0-1

[Event "Hastings Chess Congress"]
[Site "Hastings ENG"]
[Date "2008.12.28"]
[EventDate "2008.12.28"]
[Round "1"]
[Result "1-0"]
[White "Uriel Capo Vidal"]
[Black "Jens Nebel"]
[WhiteElo "2340"]
[BlackElo "2199"]
[PlyCount "116"]

1. d4 Nf6 2. c4 c5 3. d5 e6 4. Nc3 exd5 5. cxd5 d6 6. e4 g6
7. Bd3 Bg7 8. Nge2 O-O 9. O-O Re8 10. Ng3 a6 11. a4 Ng4 12. h3
Ne5 13. Bc2 Qh4 14. Nce2 Nbd7 15. f4 Nc4 16. Rb1 Nf6 17. Qd3
Nb6 18. Bd2 c4 19. Qf3 Nbd7 20. Be1 Qh6 21. Bc3 b5 22. Rbe1
Qh4 23. Rf2 Nc5 24. f5 g5 25. Bxf6 Bxf6 26. Nh5 Bxb2 27. g3 g4
28. hxg4 Qg5 29. Nef4 Bd4 30. Nh3 Qd2 31. Ree2 Qc1+ 32. Kg2 b4
33. Rf1 Qh6 34. g5 Qf8 35. Nf6+ Bxf6 36. gxf6 Qh6 37. Qg4+ Kh8
38. Ng5 Qxf6 39. Rh1 Bxf5 40. Qf4 Kg7 41. e5 Rxe5 42. Rxe5
dxe5 43. Qxf5 Qxf5 44. Bxf5 h6 45. Ne4 Nxa4 46. d6 c3 47. d7
Nb6 48. Nc5 a5 49. Rd1 Nxd7 50. Bxd7 Rd8 51. Ba4 Rxd1 52. Bxd1
f5 53. Nb7 Kf6 54. Nxa5 Ke6 55. Nc6 Kd6 56. Nxb4 Kc5 57. Nc2
f4 58. gxf4 exf4 1-0

[Event "Hastings Chess Congress"]
[Site "Hastings ENG"]
[Date "2008.12.28"]
[EventDate "2008.12.28"]
[Round "1"]
[Result "1-0"]
[White "Julian Antonio Rojas Alarcon"]
[Black "Norman Hutchinson"]
[WhiteElo "2187"]
[BlackElo "2075"]
[PlyCount "55"]

1. Nf3 Nf6 2. c4 e6 3. Nc3 b6 4. e4 Bb7 5. e5 Ne4 6. Bd3 d5
7. exd6 Nxd6 8. O-O Nd7 9. Re1 Be7 10. b3 Bf6 11. Bb2 O-O
12. Bc2 e5 13. Nd5 Bxd5 14. cxd5 Re8 15. d4 exd4 16. Nxd4
Rxe1+ 17. Qxe1 Qe8 18. Qc3 Nc5 19. Rd1 Qe5 20. Qf3 Re8 21. g3
Nce4 22. Ba3 Nd2 23. Qd3 N6e4 24. Rxd2 Qxd5 25. Re2 Bxd4
26. Rxe4 Rd8 27. Rxd4 Qxd4 28. Qxh7+ 1-0

[Event "Hastings Chess Congress"]
[Site "Hastings ENG"]
[Date "2008.12.28"]
[EventDate "2008.12.28"]
[Round "1"]
[Result "1/2-1/2"]
[White "Juan Carlos Fernandez Fernandez"]
[Black "Oliver Jackson"]
[WhiteElo "2062"]
[BlackElo "2182"]
[PlyCount "70"]

1. d4 Nf6 2. c4 c5 3. d5 b5 4. cxb5 a6 5. bxa6 g6 6. Nc3 Bxa6
7. Nf3 Bg7 8. Nd2 e6 9. e4 exd5 10. Bxa6 Nxa6 11. Nxd5 Nxd5
12. exd5 Qe7+ 13. Qe2 Nb4 14. Qxe7+ Kxe7 15. O-O Nxd5 16. Nc4
Rhb8 17. a4 Rb4 18. Re1+ Kf8 19. Ne3 Nc7 20. Rd1 Ke7 21. a5
Bxb2 22. Bxb2 Rxb2 23. Nc4 Rb5 24. Nb6 Rd8 25. Re1+ Kf8
26. Reb1 Rxb1+ 27. Rxb1 d5 28. Kf1 Ke7 29. Ke2 Kd6 30. Na4 Ne6
31. Rb6+ Kc7 32. Nc3 Nd4+ 33. Kd3 Rd6 34. Rxd6 Kxd6 35. a6 Kc6
1/2-1/2

[Event "Hastings Chess Congress"]
[Site "Hastings ENG"]
[Date "2008.12.28"]
[EventDate "2008.12.28"]
[Round "1"]
[Result "1/2-1/2"]
[White "Arne Hagesaether"]
[Black "George E O'Toole"]
[WhiteElo "2181"]
[BlackElo "2054"]
[PlyCount "61"]

1. e4 e5 2. Nf3 Nc6 3. Bb5 a6 4. Ba4 Nf6 5. O-O Be7 6. Re1 b5
7. Bb3 O-O 8. h3 Bb7 9. c3 d5 10. exd5 Nxd5 11. d4 exd4
12. cxd4 Bf6 13. Nc3 Na5 14. Bc2 Nxc3 15. bxc3 Qd6 16. a4 Nc4
17. Rb1 Bc6 18. axb5 axb5 19. Be4 Rfe8 20. Bf4 Qd7 21. Qd3
Bxe4 22. Rxe4 c6 23. Bg5 Qd6 24. Rbe1 Rxe4 25. Qxe4 h6 26. Bf4
Qd7 27. Nh2 h5 28. Nf3 Nd6 29. Qb1 Nf5 30. Be5 Nh4 31. Nxh4
1/2-1/2

[Event "Hastings Chess Congress"]
[Site "Hastings ENG"]
[Date "2008.12.28"]
[EventDate "2008.12.28"]
[Round "1"]
[Result "1/2-1/2"]
[White "David Ian Calvert"]
[Black "Bernard Cafferty"]
[WhiteElo "2051"]
[BlackElo "2179"]
[PlyCount "41"]

1. b3 d5 2. Bb2 Bf5 3. Nf3 e6 4. g3 Nf6 5. Bg2 Be7 6. c4 c6
7. O-O h6 8. d3 O-O 9. Nbd2 Nbd7 10. a3 a5 11. Qc2 Bh7 12. Ne5
Nxe5 13. Bxe5 Nd7 14. Bc3 Re8 15. b4 a4 16. e4 Nf6 17. Rad1 d4
18. Bb2 e5 19. c5 Nd7 20. Nc4 f5 21. f4 1/2-1/2

[Event "Hastings Chess Congress"]
[Site "Hastings ENG"]
[Date "2008.12.28"]
[EventDate "2008.12.28"]
[Round "1"]
[Result "1/2-1/2"]
[White "Paul Hopper"]
[Black "Dominic Foord"]
[WhiteElo "2173"]
[BlackElo "2043"]
[PlyCount "88"]

1. e4 e5 2. Nf3 d6 3. b4 Nf6 4. Nc3 Be7 5. Bb2 O-O 6. Bc4 Nc6
7. a3 a6 8. d3 Nd4 9. Nxd4 exd4 10. Ne2 c5 11. O-O b6 12. c3
d5 13. exd5 Nxd5 14. Qb3 dxc3 15. Nxc3 Nf4 16. Nd5 Ne2+
17. Kh1 Bd6 18. d4 Nxd4 19. Bxd4 cxd4 20. Rad1 b5 21. Be2 Bb7
22. Rxd4 Qe8 23. Qe3 Qxe3 24. Nxe3 Be5 25. Rd2 Rfd8 26. Ra2
Bc6 27. Kg1 Kf8 28. g3 g6 29. Rd1 Rxd1+ 30. Nxd1 Rd8 31. Kf1
Be4 32. Ke1 Ke7 33. f4 Bf6 34. a4 Bc6 35. axb5 axb5 36. Ra7+
Rd7 37. Rxd7+ Kxd7 38. Kd2 Be7 39. Kc3 Ke6 40. Ne3 f5 41. Nc2
Bf6+ 42. Nd4+ Kd6 43. Kd3 Bd7 44. Ke3 Kc7 1/2-1/2

[Event "Hastings Chess Congress"]
[Site "Hastings ENG"]
[Date "2008.12.28"]
[EventDate "2008.12.28"]
[Round "1"]
[Result "0-1"]
[White "Adrian O Pickersgill"]
[Black "John N Sugden"]
[WhiteElo "2043"]
[BlackElo "2173"]
[PlyCount "54"]

1. e4 c6 2. d4 d5 3. f3 e6 4. Nc3 Nf6 5. e5 Nfd7 6. f4 c5
7. Nf3 Nc6 8. Ne2 Qb6 9. c3 Be7 10. Qc2 f6 11. Be3 cxd4
12. Bxd4 Qc7 13. exf6 Bxf6 14. Bxf6 Nxf6 15. g3 e5 16. O-O-O
e4 17. Nfd4 O-O 18. h3 Bd7 19. Bg2 Na5 20. b3 Rac8 21. Kb2 b5
22. Qd2 Nb7 23. f5 Nc5 24. Nf4 Qe5 25. Qe3 a5 26. g4 b4
27. Rc1 Qxf4 0-1

[Event "Hastings Chess Congress"]
[Site "Hastings ENG"]
[Date "2008.12.28"]
[EventDate "2008.12.28"]
[Round "1"]
[Result "0-1"]
[White "Elliott Auckland"]
[Black "Martyn Goodger"]
[WhiteElo "2017"]
[BlackElo "2164"]
[PlyCount "228"]

1. c4 f5 2. Nf3 Nf6 3. g3 d6 4. d4 g6 5. Bg2 Bg7 6. O-O O-O
7. Nc3 Qe8 8. Qb3 Kh8 9. Nd2 c6 10. d5 cxd5 11. cxd5 Na6
12. Qa3 Bd7 13. b4 Nc7 14. Bb2 g5 15. Nf3 Qg6 16. Qb3 f4
17. Rae1 fxg3 18. fxg3 e6 19. e4 Ng4 20. h3 Ne5 21. Nxe5 Bxe5
22. Ne2 Bxb2 23. Qxb2+ e5 24. Rxf8+ Rxf8 25. Rf1 Rxf1+
26. Kxf1 Bb5 27. Qc1 Qf7+ 28. Ke1 Bxe2 29. Kxe2 Qe7 30. a4 Na6
31. Qd2 Kg7 32. Bf1 h6 33. Ke1 Nc7 34. Qe3 b6 35. a5 Na8
36. Bb5 bxa5 37. Bc6 Nb6 38. bxa5 Nc8 39. Qb3 Qd8 40. Qb5 Kf6
41. Qa6 Qc7 42. Kd2 Ne7 43. Kc3 Nxc6 44. dxc6 d5 45. Qf1+ Ke7
46. Qb5 dxe4 47. Qc5+ Ke6 48. Kc4 Qd6 49. Qxa7 Qxc6+ 50. Kb4
Qd6+ 51. Kb3 Qd3+ 52. Kb2 Qd2+ 53. Kb3 e3 54. Qb6+ Kf5 55. g4+
Kf4 56. Qf6+ Kg3 57. Qxe5+ Kxh3 58. Qc3 Qxc3+ 59. Kxc3 Kg2
60. Kd3 Kf2 61. a6 e2 62. a7 e1=Q 63. a8=Q Qe2+ 64. Kd4 Qxg4+
65. Ke5 Qg3+ 66. Ke6 Qe3+ 67. Kd7 g4 68. Qf8+ Kg2 69. Qa8+ Qf3
70. Qa2+ Kg3 71. Qa5 Qf7+ 72. Kc6 Qe6+ 73. Kc7 Qe3 74. Qb5 Qg5
75. Qf1 Qe5+ 76. Kd8 h5 77. Qg1+ Kh4 78. Qh1+ Kg5 79. Qc1+ Kg6
80. Qb1+ Qf5 81. Qe1 Qg5+ 82. Kc7 Qf4+ 83. Kb7 g3 84. Qe6+ Kg5
85. Qe7+ Kg4 86. Qe6+ Qf5 87. Qg8+ Kh3 88. Qb3 Kh2 89. Qb4 g2
90. Qd6+ Kh1 91. Qc6 h4 92. Kb8 Qf4+ 93. Ka8 Kh2 94. Qc7 Qg3
95. Qc2 Kh1 96. Qe4 Kh2 97. Qe2 Kh3 98. Qe6+ Qg4 99. Qb3+ Kh2
100. Qc2 Qf3+ 101. Ka7 Kh1 102. Kb8 g1=Q 103. Qc6 Qb1+
104. Ka7 Qa2+ 105. Kb8 Qab3+ 106. Ka7 Qa3+ 107. Kb8 Qb4+
108. Ka7 Qa5+ 109. Kb8 Qd8+ 110. Ka7 Qe7+ 111. Kb8 Qee4
112. Qc1+ Kh2 113. Qd2+ Kh3 114. Qd7+ Qfg4 0-1

[Event "Hastings Chess Congress"]
[Site "Hastings ENG"]
[Date "2008.12.28"]
[EventDate "2008.12.28"]
[Round "1"]
[Result "1-0"]
[White "Francis Rayner"]
[Black "Evangelos Kakkanas"]
[WhiteElo "2151"]
[BlackElo "2009"]
[PlyCount "101"]

1. c4 e6 2. Nf3 Nf6 3. g3 Be7 4. Bg2 O-O 5. O-O d5 6. d4 c6
7. Qc2 Nbd7 8. b3 b6 9. Rd1 Bb7 10. Nc3 Rc8 11. e4 dxe4
12. Nxe4 Nxe4 13. Qxe4 Nf6 14. Qc2 Qc7 15. Bf4 Bd6 16. Be5 Nd7
17. Ng5 g6 18. Bxd6 Qxd6 19. c5 Qe7 20. Ne4 Ba8 21. Rac1 b5
22. Qd2 Kg7 23. Qf4 Rfd8 24. Re1 h6 25. h4 Rb8 26. Rcd1 Nf6
27. Qe5 Rbc8 28. Re3 Rd5 29. Qxf6+ Qxf6 30. Nxf6 Kxf6 31. Bxd5
cxd5 32. b4 a6 33. Rf3+ Ke7 34. Ra3 Rc6 35. Ra5 Bb7 36. a4
bxa4 37. b5 axb5 38. Ra7 Rc7 39. c6 Bxc6 40. Rxc7+ Kd6
41. Rxf7 b4 42. Rb1 b3 43. Rf3 Bb5 44. Rfxb3 axb3 45. Rxb3 Bc4
46. Rb6+ Ke7 47. Kg2 h5 48. Kf3 Kf6 49. Kf4 Bd3 50. f3 Bf5
51. Rb7 1-0

[Event "Hastings Chess Congress"]
[Site "Hastings ENG"]
[Date "2008.12.28"]
[EventDate "2008.12.28"]
[Round "1"]
[Result "1/2-1/2"]
[White "Rasa Norinkeviciute"]
[Black "Simon Knight"]
[WhiteElo "2005"]
[BlackElo "2148"]
[PlyCount "80"]

1. c4 e5 2. g3 Nf6 3. Bg2 d5 4. cxd5 Nxd5 5. Nc3 Nxc3 6. bxc3
c6 7. Nf3 Qa5 8. Qb3 Be7 9. O-O O-O 10. d4 Nd7 11. Rd1 exd4
12. cxd4 Nb6 13. e4 Be6 14. Qc2 Qh5 15. Ne5 f6 16. Bf3 Qe8
17. Nd3 Nd7 18. Rb1 Qc8 19. Nf4 Bf7 20. Bg4 b6 21. Be3 Qb7
22. Ne6 Rfe8 23. Bf4 g5 24. Be3 Bd6 25. Nc5 Bxc5 26. Bxd7 Qxd7
27. dxc5 Qg4 28. Rf1 Qf3 29. cxb6 axb6 30. Rxb6 Be6 31. Qd1
Qxe4 32. Qb1 Qxb1 33. Rfxb1 Bxa2 34. Rc1 Bd5 35. Rb7 Ra5
36. Bd2 Ra2 37. Bc3 Rae2 38. Kf1 R2e6 39. Ra1 c5 40. Rc7 Rc6
1/2-1/2